[Event "IX Floripa Chess Open Fort Atacadista"]
[Site "Florianópolis - Santa Catari"]
[Date "2023.01.24"]
[Round "2.157"]
[White "Weise, William Ferreira"]
[Black "Ferreira De Souza, Ricardo"]
[Result "1-0"]
[WhiteElo "1856"]
[BlackElo "1365"]
[PlyCount "55"]
[EventDate "2023.01.23"]
[EventRounds "10"]
[EventCountry "BRA"]

1. e4 c5 2. Nf3 Nc6 3. d4 cxd4 4. Nxd4 e6 5. Nc3 Bc5 6. Nb3 Be7 7. Be2 f5 8.
exf5 exf5 9. Qd5 Nf6 10. Qxf5 d5 11. Bh5+ Nxh5 12. Qxh5+ g6 13. Qxd5 Bf5 14.
O-O Bxc2 15. Re1 Qxd5 16. Nxd5 Kd7 17. Nxe7 Nxe7 18. Bg5 Nf5 19. g4 Nd6 20.
Re7+ Kc6 21. Nd4+ Kd5 22. Nxc2 Rac8 23. Rd1+ Kc6 24. Re6 Kb5 25. Na3+ Ka4 26.
Rexd6 Rc5 27. R1d4+ Ka5 28. Bd2+ 1-0

[Event "IX Floripa Chess Open Fort Atacadista"]
[Site "Florianópolis - Santa Catari"]
[Date "2023.01.24"]
[Round "2.158"]
[White "Godinho, Bruno Cesar Ferreir"]
[Black "Grams, Leon Honke"]
[Result "1-0"]
[WhiteElo "1819"]
[BlackElo "1361"]
[PlyCount "57"]
[EventDate "2023.01.23"]
[EventRounds "10"]
[EventCountry "BRA"]

1. e4 c5 2. Nf3 d6 3. d4 cxd4 4. Nxd4 Nf6 5. Nc3 a6 6. Bg5 e6 7. f4 Be7 8. Qf3
Qc7 9. O-O-O b5 10. e5 Bb7 11. Qg3 dxe5 12. fxe5 Ne4 13. Nxe4 Bxe4 14. Bxe7
Qxe7 15. Qxg7 Qf8 16. Qf6 Nd7 17. Qh4 Bd5 18. Bxb5 Qc5 19. Bxd7+ Kxd7 20. Qf4
Rhf8 21. Nb3 Qc7 22. Rd3 f6 23. Kb1 fxe5 24. Qa4+ Qc6 25. Qh4 Rf7 26. c4 Rc8
27. Rc1 Qa4 28. Qh5 Ke7 29. cxd5 1-0

[Event "IX Floripa Chess Open Fort Atacadista"]
[Site "Florianópolis - Santa Catari"]
[Date "2023.01.24"]
[Round "2.159"]
[White "Casas, Nicolas"]
[Black "Oliveira, Isaac Rodrigues"]
[Result "1-0"]
[WhiteElo "1803"]
[BlackElo "1356"]
[PlyCount "75"]
[EventDate "2023.01.23"]
[EventRounds "10"]
[EventCountry "BRA"]

1. d4 Nf6 2. Nf3 e6 3. Bf4 c5 4. e3 d5 5. c3 Bd6 6. Ne5 a6 7. Nd2 O-O 8. Bd3
Qc7 9. O-O Nc6 10. Ndf3 Ne4 11. Rc1 f6 12. Nxc6 Bxf4 13. exf4 bxc6 14. g3 cxd4
15. cxd4 Qb6 16. Qc2 Bd7 17. b3 Qa5 18. Rfe1 f5 19. Ne5 Be8 20. Bxe4 fxe4 21.
Nxc6 Qb6 22. Red1 Kh8 23. Qc5 Qxc5 24. Rxc5 Rc8 25. Rdc1 h6 26. Ne5 Rxc5 27.
dxc5 Bf7 28. c6 Kg8 29. c7 Rc8 30. Nd7 e5 31. Nb6 Be6 32. Nxc8 Bxc8 33. fxe5
Kf7 34. Kf1 Ke6 35. Ke2 Kxe5 36. Rc6 d4 37. Rb6 Bg4+ 38. Kd2 1-0

[Event "IX Floripa Chess Open Fort Atacadista"]
[Site "Florianópolis - Santa Catari"]
[Date "2023.01.24"]
[Round "2.160"]
[White "Teixeira, Jonas Carvalho"]
[Black "Cabral, Vivian De Paiva"]
[Result "1-0"]
[WhiteElo "1791"]
[BlackElo "1348"]
[PlyCount "81"]
[EventDate "2023.01.23"]
[EventRounds "10"]
[EventCountry "BRA"]

1. e4 c5 2. Nf3 e6 3. d4 cxd4 4. Nxd4 Nc6 5. Be2 Nf6 6. Bf3 Bc5 7. Nb3 Bb6 8.
O-O h6 9. c4 O-O 10. Nc3 a6 11. Bf4 e5 12. Bg3 d6 13. Qe2 Be6 14. Rfd1 Nd4 15.
Nxd4 Bxd4 16. Rac1 Rc8 17. Nd5 Nd7 18. Ne3 Nc5 19. b3 a5 20. Nc2 Bb2 21. Rb1
Bc3 22. Qe3 Bd4 23. Nxd4 Qe7 24. Nb5 f5 25. exf5 Bxf5 26. Rb2 Rcd8 27. Rbd2 Rf6
28. h3 b6 29. Nc3 Qf8 30. Nd5 Rf7 31. Nxb6 Bxh3 32. Bh5 Rf5 33. gxh3 Rxh5 34.
Qxc5 Rxh3 35. Qd5+ Kh8 36. Qg2 Rh5 37. Nd5 Rg5 38. Qh3 Qf3 39. Rd3 Qf7 40. Nc3
Rf8 41. Ne4 1-0

[Event "IX Floripa Chess Open Fort Atacadista"]
[Site "Florianópolis - Santa Catari"]
[Date "2023.01.24"]
[Round "2.161"]
[White "Mayeregger Gonzalez, Fiorella"]
[Black "Zabala, Antonio Murara"]
[Result "0-1"]
[WhiteElo "1340"]
[BlackElo "1761"]
[PlyCount "78"]
[EventDate "2023.01.23"]
[EventRounds "10"]
[EventCountry "BRA"]

1. Nf3 Nf6 2. c4 g6 3. e3 Bg7 4. d4 O-O 5. Nc3 d5 6. b3 c5 7. cxd5 Nxd5 8. Nxd5
Qxd5 9. Bc4 Qh5 10. Bb2 Nc6 11. Ne5 Qg5 12. Nxc6 bxc6 13. Qf3 cxd4 14. exd4 Rb8
15. h4 Qg4 16. Qxg4 Bxg4 17. f3 Bf5 18. O-O Rbd8 19. Rae1 Rfe8 20. g4 Bc8 21.
Re4 Bb7 22. Rf4 e6 23. Ba1 Re7 24. Kf2 c5 25. Ke3 cxd4+ 26. Rxd4 Bxd4+ 27. Bxd4
Red7 28. Bf6 Rc8 29. Be5 Bd5 30. Bb5 Rdd8 31. Bd3 Rc6 32. Bb5 Rc2 33. Ra1 Rdc8
34. Bd7 Rd8 35. Bb5 a6 36. Bd3 Rc6 37. Bf6 Rdc8 38. Bb2 Kf8 39. b4 Ke7 0-1

[Event "IX Floripa Chess Open Fort Atacadista"]
[Site "Florianópolis - Santa Catari"]
[Date "2023.01.24"]
[Round "2.162"]
[White "Leacina, Gisele Santiago"]
[Black "Ribeiro Carrico, Victor Hugo"]
[Result "1-0"]
[WhiteElo "1326"]
[BlackElo "1737"]
[PlyCount "63"]
[EventDate "2023.01.23"]
[EventRounds "10"]
[EventCountry "BRA"]

1. e4 c5 2. Nc3 Nc6 3. Bb5 a6 4. Bxc6 bxc6 5. d3 d5 6. f4 Rb8 7. Nf3 Qb6 8. O-O
c4+ 9. d4 e6 10. a3 Nf6 11. Re1 Nxe4 12. Nxe4 dxe4 13. Rxe4 Bb7 14. Kh1 c5 15.
dxc5 Bxc5 16. Rxc4 Rd8 17. Qe2 O-O 18. b4 Bf2 19. Bb2 f6 20. h3 Bg3 21. Rd1 Qe3
22. Qxe3 Rxd1+ 23. Ng1 Bd5 24. Rc7 Be1 25. c4 Be4 26. Qxe4 Bf2 27. Qxe6+ Kh8
28. Qe7 Rg8 29. Bxf6 h5 30. Bxg7+ Kh7 31. Bf6+ Kg6 32. Qf7+ 1-0

[Event "IX Floripa Chess Open Fort Atacadista"]
[Site "Florianópolis - Santa Catari"]
[Date "2023.01.24"]
[Round "2.163"]
[White "Fugimoto, Rafael Aoki"]
[Black "Flores, Clarice Soares Leit"]
[Result "1/2-1/2"]
[WhiteElo "1317"]
[BlackElo "1737"]
[PlyCount "111"]
[EventDate "2023.01.23"]
[EventRounds "10"]
[EventCountry "BRA"]

1. d4 Nf6 2. Bf4 d5 3. e3 e6 4. c4 c5 5. Nf3 cxd4 6. exd4 Nc6 7. Nc3 a6 8. a3
Bd6 9. Bg3 O-O 10. Bd3 dxc4 11. Bxc4 b5 12. Be2 Bb7 13. O-O Bxg3 14. hxg3 Rc8
15. Rc1 Ne7 16. Re1 Ned5 17. Nxd5 Qxd5 18. Bd3 Rxc1 19. Qxc1 Qd7 20. Qd2 Rd8
21. Rd1 Bxf3 22. gxf3 Kf8 23. Qb4+ Qd6 24. Qc5 Ke8 25. b4 Qd5 26. Qxd5 Nxd5 27.
Be4 Nc3 28. Rd3 Ne2+ 29. Kg2 Nxd4 30. Rc3 Ke7 31. Rc7+ Rd7 32. Rc5 f5 33. Bb1
Nb3 34. Rc6 Rd6 35. Rc7+ Kf6 36. Rc3 Nd2 37. Ba2 h5 38. Kh3 g6 39. f4 Ne4 40.
Rc2 Rd2 41. Rxd2 Nxd2 42. Kg2 Nc4 43. a4 Na3 44. Bb3 bxa4 45. Bxa4 Nb5 46. Kf3
e5 47. fxe5+ Kxe5 48. Ke3 Nc3 49. Bc6 Nd5+ 50. Bxd5 Kxd5 51. Kf4 Ke6 52. Kg5
Kf7 53. Kh6 Kf6 54. f4 Kf7 55. Kh7 Kf6 56. Kh6 1/2-1/2

[Event "IX Floripa Chess Open Fort Atacadista"]
[Site "Florianópolis - Santa Catari"]
[Date "2023.01.24"]
[Round "2.164"]
[White "Orlandi Neto, Aristides"]
[Black "Silva, Henrique Brasil Bar"]
[Result "0-1"]
[WhiteElo "1684"]
[BlackElo "1325"]
[PlyCount "80"]
[EventDate "2023.01.23"]
[EventRounds "10"]
[EventCountry "BRA"]

1. e4 c6 2. d4 d5 3. e5 Bf5 4. h4 h5 5. Bd3 Bxd3 6. Qxd3 e6 7. Bg5 Qb6 8. Nd2
Ne7 9. Ne2 Nf5 10. O-O Nd7 11. c4 Be7 12. Nf3 O-O 13. Ng3 Nxg3 14. fxg3 dxc4
15. Qxc4 Qd8 16. Bxe7 Qxe7 17. Ng5 c5 18. Qd3 g6 19. Ne4 cxd4 20. Qxd4 b6 21.
Rac1 Nc5 22. Nf6+ Kg7 23. Qf4 Rh8 24. Qg5 Qb7 25. Rc4 Raf8 26. Rd4 a5 27. a3 a4
28. Rfd1 b5 29. Qf4 Qb6 30. Kh2 Rd8 31. Nd7 Nxd7 32. Rxd7 Rxd7 33. Rxd7 Rf8 34.
Qf6+ Kg8 35. Qf4 Kg7 36. Qb4 Qc6 37. Qd4 Rc8 38. Qa7 Rf8 39. Qd4 Qc2 40. Qb4
Qc6 0-1

[Event "IX Floripa Chess Open Fort Atacadista"]
[Site "Florianópolis - Santa Catari"]
[Date "2023.01.24"]
[Round "2.165"]
[White "Dias, Matheus Nunes"]
[Black "Calsing, Enzo Guedes"]
[Result "1-0"]
[WhiteElo "1680"]
[BlackElo "1316"]
[PlyCount "76"]
[EventDate "2023.01.23"]
[EventRounds "10"]
[EventCountry "BRA"]

1. d4 d5 2. c4 c6 3. Nc3 Nf6 4. cxd5 cxd5 5. Bf4 Nc6 6. e3 a6 7. Bd3 Bg4 8. Qb3
Qd7 9. Na4 Ra7 10. Nc5 Qc8 11. Ne2 e6 12. Rc1 Bxc5 13. Rxc5 O-O 14. f3 Bf5 15.
O-O Qd7 16. Bg5 b5 17. Bxf6 gxf6 18. a3 Na5 19. Qc2 Bg6 20. b3 Bxd3 21. Qxd3
Rc7 22. Qc3 Nc6 23. Nf4 Rcc8 24. Nh5 Qb7 25. Nxf6+ Kg7 26. Nh5+ Kh8 27. Rc1 Ne7
28. Qa5 Nc6 29. Qd2 Ne7 30. e4 Rxc5 31. dxc5 dxe4 32. Qg5 Nf5 33. Qf6+ Kg8 34.
c6 Qb6+ 35. Kh1 Qe3 36. Rf1 exf3 37. gxf3 Qh6 38. Rg1+ Ng7 1-0

[Event "IX Floripa Chess Open Fort Atacadista"]
[Site "Florianópolis - Santa Catari"]
[Date "2023.01.24"]
[Round "2.166"]
[White "Zottis, Pietro"]
[Black "Campora, Edgardo"]
[Result "0-1"]
[WhiteElo "1316"]
[BlackElo "1676"]
[PlyCount "50"]
[EventDate "2023.01.23"]
[EventRounds "10"]
[EventCountry "BRA"]

1. d4 Nf6 2. c4 g6 3. Nc3 Bg7 4. e4 d6 5. Nf3 O-O 6. Be2 e5 7. O-O Nc6 8. Bg5
h6 9. dxe5 hxg5 10. exf6 Bxf6 11. Qd2 g4 12. Ne1 Be6 13. Nc2 Bg5 14. Qd1 Ne5
15. b3 f5 16. Nd4 Bd7 17. exf5 gxf5 18. f4 gxf3 19. Bxf3 Be3+ 20. Kh1 Qh4 21.
Bd5+ Kg7 22. Nf3 Nxf3 23. Rxf3 f4 24. Qd3 Bg4 25. Rff1 Qxh2+ 0-1

[Event "IX Floripa Chess Open Fort Atacadista"]
[Site "Florianópolis - Santa Catari"]
[Date "2023.01.24"]
[Round "2.167"]
[White "Pavoni, Felipe Stevanin"]
[Black "Altenhofen, Rafael Graneto"]
[Result "1-0"]
[WhiteElo "1674"]
[BlackElo "1315"]
[PlyCount "54"]
[EventDate "2023.01.23"]
[EventRounds "10"]
[EventCountry "BRA"]

1. e4 c5 2. d4 cxd4 3. c3 Nf6 4. e5 Nd5 5. Qxd4 e6 6. Nf3 Nc6 7. Qe4 Be7 8. Bd3
f5 9. exf6 Nxf6 10. Qe2 O-O 11. O-O d5 12. Bg5 h6 13. Bh4 Nh7 14. Bg3 Bd7 15.
Nbd2 Bc5 16. Nb3 Bb6 17. Rad1 Ng5 18. Ne5 Nxe5 19. Bxe5 Bc6 20. Nd4 Rc8 21. Qg4
Bxd4 22. Bxd4 Qe7 23. Rde1 Bd7 24. f4 Nh7 25. Bxh7+ Kxh7 26. f5 Bb5 27. Qg6+
Kg8 1-0

[Event "IX Floripa Chess Open Fort Atacadista"]
[Site "Florianópolis - Santa Catari"]
[Date "2023.01.24"]
[Round "2.168"]
[White "Guerreiro, Heitor Koffermann"]
[Black "Miranda, Marina Lima"]
[Result "1-0"]
[WhiteElo "1313"]
[BlackElo "1672"]
[PlyCount "106"]
[EventDate "2023.01.23"]
[EventRounds "10"]
[EventCountry "BRA"]

1. d4 Nf6 2. Nc3 d5 3. Bg5 Bf5 4. e3 e6 5. Bd3 Bxd3 6. cxd3 c5 7. dxc5 Bxc5 8.
d4 Bd6 9. Nf3 Nbd7 10. O-O a6 11. a4 h6 12. Bh4 O-O 13. Qe2 Qb6 14. Bg3 Bxg3
15. hxg3 Rac8 16. Rfc1 Rc6 17. Na2 Ne4 18. Rxc6 Qxc6 19. Nb4 Qb6 20. Nd3 Rc8
21. Rc1 Rxc1+ 22. Nxc1 Qb4 23. Qc2 Qc4 24. Qxc4 dxc4 25. a5 b6 26. axb6 Nxb6
27. Kf1 Kf8 28. Ke2 Ke7 29. Nd2 Nxd2 30. Kxd2 Kd6 31. Ne2 f5 32. Kc3 Na4+ 33.
Kc2 g5 34. Nc3 Nb6 35. f3 e5 36. Ne2 Nd5 37. Kd2 a5 38. dxe5+ Kxe5 39. Nc3 Nb6
40. e4 fxe4 41. Nxe4 Kd4 42. Nf6 Nd5 43. Nxd5 Kxd5 44. Ke3 a4 45. Kd2 Kd4 46.
f4 gxf4 47. gxf4 Ke4 48. g3 h5 49. Kc3 h4 50. gxh4 Kxf4 51. Kxc4 Kg4 52. Kb4
Kxh4 53. Kxa4 Kg5 1-0

[Event "IX Floripa Chess Open Fort Atacadista"]
[Site "Florianópolis - Santa Catari"]
[Date "2023.01.24"]
[Round "2.169"]
[White "Dias, Juliane De Oliveira"]
[Black "Cheres, Beatriz Fernanda Sa"]
[Result "1/2-1/2"]
[WhiteElo "1672"]
[BlackElo "1312"]
[PlyCount "44"]
[EventDate "2023.01.23"]
[EventRounds "10"]
[EventCountry "BRA"]

1. d4 d5 2. Nc3 Nf6 3. Bf4 Bf5 4. Nb5 Na6 5. e3 c6 6. Nc3 Nc7 7. Bd3 Bg6 8.
Nge2 e6 9. a3 Bd6 10. Bg5 O-O 11. e4 Be7 12. f3 Nd7 13. Bxe7 Qxe7 14. h4 h6 15.
Qd2 e5 16. O-O-O Rad8 17. exd5 Bxd3 18. Qxd3 exd4 19. Nxd4 Nc5 20. Qd2 Nxd5 21.
Nxd5 Rxd5 22. Qf4 Ne6 1/2-1/2

[Event "IX Floripa Chess Open Fort Atacadista"]
[Site "Florianópolis - Santa Catari"]
[Date "2023.01.24"]
[Round "2.170"]
[White "Feller, Isadora Cristina Vi"]
[Black "Arruda Filho, Ivo Pereira De"]
[Result "0-1"]
[WhiteElo "1310"]
[BlackElo "1669"]
[PlyCount "68"]
[EventDate "2023.01.23"]
[EventRounds "10"]
[EventCountry "BRA"]

1. e4 c5 2. Nc3 d6 3. g3 Nc6 4. d3 e5 5. Bg2 Nf6 6. f4 Be7 7. Nf3 Bg4 8. O-O
Nd4 9. Be3 Bxf3 10. Bxf3 Nxf3+ 11. Qxf3 O-O 12. f5 g6 13. Bh6 Qb6 14. Na4 Qc6
15. Bxf8 Rxf8 16. Nc3 Qb6 17. b3 Qb4 18. Nd1 Qd4+ 19. Ne3 gxf5 20. exf5 d5 21.
Rad1 Rd8 22. Rf2 Bf8 23. Kg2 Bh6 24. Re2 e4 25. dxe4 dxe4 26. Qf1 Bxe3 27. Rxd4
cxd4 28. Qe1 Nd5 29. g4 Nf4+ 30. Kf1 Nxe2 31. Kxe2 Bg5 32. h4 Be3 33. Qd1 Rc8
34. g5 f6 0-1

[Event "IX Floripa Chess Open Fort Atacadista"]
[Site "Florianópolis - Santa Catari"]
[Date "2023.01.24"]
[Round "2.171"]
[White "Nobre, Jailson Altair Barb"]
[Black "Flesch, Lucas Henrique Ye"]
[Result "1/2-1/2"]
[WhiteElo "1669"]
[BlackElo "1306"]
[PlyCount "80"]
[EventDate "2023.01.23"]
[EventRounds "10"]
[EventCountry "BRA"]

1. Nf3 d5 2. c4 e6 3. g3 Nf6 4. Bg2 Be7 5. b3 O-O 6. Bb2 c5 7. e3 Nc6 8. O-O
Qc7 9. d4 b6 10. Nc3 dxc4 11. bxc4 a6 12. Qe2 Bb7 13. Rfd1 Rfd8 14. d5 exd5 15.
cxd5 Ne5 16. Nxe5 Qxe5 17. e4 Qh5 18. Qxh5 Nxh5 19. e5 Rab8 20. Rab1 b5 21. Bc1
g6 22. d6 Bxg2 23. Kxg2 Bf8 24. Bg5 f6 25. exf6 Kf7 26. Ne4 h6 27. Be3 Nxf6 28.
Nxf6 Kxf6 29. Bxc5 Rbc8 30. Bb6 Rxd6 31. Bd4+ Kf7 32. Be3 Rcd8 33. Rxd6 Rxd6
34. Rc1 h5 35. Rc7+ Ke6 36. Bc5 Rd8 37. Bxf8 Rxf8 38. Rc6+ Ke7 39. Rxg6 Rb8 40.
Rxa6 b4 1/2-1/2

[Event "IX Floripa Chess Open Fort Atacadista"]
[Site "Florianópolis - Santa Catari"]
[Date "2023.01.24"]
[Round "2.172"]
[White "Borba Da Rosa, Rodrigo"]
[Black "Goncalves, Davi Augusto"]
[Result "0-1"]
[WhiteElo "1304"]
[BlackElo "1667"]
[PlyCount "77"]
[EventDate "2023.01.23"]
[EventRounds "10"]
[EventCountry "BRA"]

1. e4 c5 2. Nf3 d6 3. d4 cxd4 4. Nxd4 Nf6 5. Nc3 a6 6. Be3 e5 7. Nf3 Be7 8. Bg5
O-O 9. Bxf6 Bxf6 10. Nd5 Nc6 11. Qd2 Be6 12. c4 Bxd5 13. cxd5 Ne7 14. Bd3 Ng6
15. g3 Qd7 16. h4 Qg4 17. Qe3 Rac8 18. Nh2 Qd7 19. h5 Ne7 20. Be2 Rc2 21. b3
Qc7 22. O-O Qa5 23. g4 Rc3 24. Qa7 Qc7 25. f3 Bg5 26. f4 Bxf4 27. Rxf4 exf4 28.
Nf3 Qc5+ 29. Qxc5 Rxc5 30. Nd4 Rfc8 31. Kf2 Rc3 32. a4 Kf8 33. Bc4 g5 34. Rb1
Ng8 35. Ne2 Re3 36. Rd1 Nf6 37. Rd3 Rxc4 38. Rxe3 fxe3+ 39. Kxe3 0-1

[Event "IX Floripa Chess Open Fort Atacadista"]
[Site "Florianópolis - Santa Catari"]
[Date "2023.01.24"]
[Round "2.173"]
[White "Ramazzotte, Esther Zilli"]
[Black "Gomes, Maria Eduarda Papin"]
[Result "1-0"]
[WhiteElo "1291"]
[BlackElo "1664"]
[PlyCount "93"]
[EventDate "2023.01.23"]
[EventRounds "10"]
[EventCountry "BRA"]

1. d4 Nf6 2. c4 g6 3. Nc3 Bg7 4. e4 d6 5. Be2 O-O 6. Bg5 Nbd7 7. Qd2 c5 8. d5
a6 9. h3 Re8 10. Nf3 e6 11. dxe6 Rxe6 12. O-O Qc7 13. Bf4 Bf8 14. Ng5 Re8 15.
Qc2 b6 16. Rad1 Bb7 17. Bd3 Ne5 18. Rfe1 Nc6 19. Nf3 Nb4 20. Qd2 Nd7 21. b3
Nxd3 22. Qxd3 Ne5 23. Qe3 Bc6 24. Qe2 Qb7 25. Nd5 Bxd5 26. Rxd5 Nxf3+ 27. Qxf3
f5 28. Re3 fxe4 29. Rxe4 b5 30. Rxe8 Rxe8 31. Qd3 bxc4 32. Qxc4 Kh8 33. Bxd6
Bxd6 34. Rxd6 Qg7 35. Rd1 Qb2 36. Qxa6 Rf8 37. Rf1 Qe5 38. a4 Qd5 39. Qb5 Qd6
40. a5 Qc7 41. a6 Rb8 42. Qc4 Qa7 43. Ra1 Rb4 44. Qe6 Rb8 45. Rd1 Qa8 46. Qf6+
Kg8 47. Rd7 1-0

[Event "IX Floripa Chess Open Fort Atacadista"]
[Site "Florianópolis - Santa Catari"]
[Date "2023.01.24"]
[Round "2.174"]
[White "Messias, Jose Vitor Lamosa P"]
[Black "Bieging, Luca Jurgen"]
[Result "1-0"]
[WhiteElo "1661"]
[BlackElo "1290"]
[PlyCount "119"]
[EventDate "2023.01.23"]
[EventRounds "10"]
[EventCountry "BRA"]

1. d4 Nf6 2. Nf3 e6 3. c4 b6 4. g3 Bb7 5. Bg2 d5 6. O-O Be7 7. Nbd2 O-O 8. Qc2
Nbd7 9. b3 c5 10. Bb2 Qc7 11. Rac1 Rac8 12. Rfd1 Rfd8 13. cxd5 Nxd5 14. e4 N5f6
15. e5 Nd5 16. Ne4 cxd4 17. Qxc7 Nxc7 18. Nd6 Bxd6 19. exd6 Nb5 20. Rxc8 Rxc8
21. Nxd4 Nxd6 22. Bxb7 Nxb7 23. Nb5 Nbc5 24. b4 Na4 25. Bxg7 Kxg7 26. Rxd7 a6
27. Nd6 Rf8 28. Ra7 a5 29. bxa5 bxa5 30. Rxa5 Nb6 31. Ra7 Nc8 32. Nxc8 Rxc8 33.
a4 Kg6 34. a5 f6 35. a6 h6 36. Re7 e5 37. a7 Kf5 38. Kg2 Ke4 39. Rh7 Ra8 40.
Rxh6 Rxa7 41. Rxf6 Ra2 42. h4 Kd3 43. h5 e4 44. Re6 Ra5 45. h6 Rh5 46. g4 Rg5
47. Kg3 Kd4 48. Kf4 Rg8 49. Rxe4+ Kd5 50. Re7 Kd6 51. Re2 Rg6 52. g5 Rg8 53. h7
Rh8 54. g6 Rf8+ 55. Kg5 Rh8 56. Kh6 Rf8 57. Kg7 Ra8 58. h8=Q Rxh8 59. Kxh8 Kd5
60. g7 1-0

[Event "IX Floripa Chess Open Fort Atacadista"]
[Site "Florianópolis - Santa Catari"]
[Date "2023.01.24"]
[Round "2.175"]
[White "Torrico Castro, Raikonen Dairo"]
[Black "Vaz, Osvaldo Jose"]
[Result "1-0"]
[WhiteElo "1286"]
[BlackElo "1660"]
[PlyCount "47"]
[EventDate "2023.01.23"]
[EventRounds "10"]
[EventCountry "BRA"]

1. e4 e6 2. d4 d5 3. Nc3 Nf6 4. Bg5 Be7 5. e5 Nfd7 6. Bxe7 Qxe7 7. f4 c5 8. Nb5
Na6 9. Nd6+ Kf8 10. c3 Qd8 11. Nf3 h6 12. f5 Nc7 13. fxe6 Nxe6 14. dxc5 Nc7 15.
b4 g6 16. Be2 Qe7 17. O-O Kg7 18. Qd4 f6 19. exf6+ Nxf6 20. Rae1 Be6 21. Bd3
Raf8 22. Nh4 Kg8 23. Nxg6 Qg7 24. Nxf8 1-0

[Event "IX Floripa Chess Open Fort Atacadista"]
[Site "Florianópolis - Santa Catari"]
[Date "2023.01.24"]
[Round "2.176"]
[White "Martins, Giovanni Custodio"]
[Black "Arosteguy, Vitor Augusto Colac"]
[Result "1-0"]
[WhiteElo "1658"]
[BlackElo "1286"]
[PlyCount "32"]
[EventDate "2023.01.23"]
[EventRounds "10"]
[EventCountry "BRA"]

1. e4 e5 2. Nf3 Nc6 3. Bb5 Nf6 4. O-O Nxe4 5. Re1 Nd6 6. Nxe5 Nxe5 7. Rxe5+ Be7
8. Bd3 f6 9. Qh5+ Nf7 10. Re3 Kf8 11. Nc3 g6 12. Qe2 c6 13. b3 d5 14. a4 d4 15.
Rxe7 Ne5 16. Rxe5 fxe5 1-0

[Event "IX Floripa Chess Open Fort Atacadista"]
[Site "Florianópolis - Santa Catari"]
[Date "2023.01.24"]
[Round "2.177"]
[White "Muniz, Henrique Rocha"]
[Black "Lima, Yuri Ramos Santos"]
[Result "1-0"]
[WhiteElo "1657"]
[BlackElo "1284"]
[PlyCount "41"]
[EventDate "2023.01.23"]
[EventRounds "10"]
[EventCountry "BRA"]

1. e4 c5 2. Nf3 d6 3. d3 Nf6 4. Nbd2 Nc6 5. g3 g6 6. Bg2 Bg7 7. O-O O-O 8. Re1
Qc7 9. c3 Rb8 10. d4 cxd4 11. cxd4 b5 12. Nb3 a5 13. e5 dxe5 14. Nc5 Nd7 15.
Nxd7 Qxd7 16. d5 Rd8 17. Be3 Qxd5 18. Nd4 e4 19. Nxc6 Qxc6 20. Qxd8+ Bf8 21.
Bh6 1-0

[Event "IX Floripa Chess Open Fort Atacadista"]
[Site "Florianópolis - Santa Catari"]
[Date "2023.01.24"]
[Round "2.178"]
[White "Vaz, Vania Dora Madona"]
[Black "Do Carmo, Gabriel Carckeno"]
[Result "0-1"]
[WhiteElo "1267"]
[BlackElo "1651"]
[PlyCount "80"]
[EventDate "2023.01.23"]
[EventRounds "10"]
[EventCountry "BRA"]

1. e4 e6 2. d3 d5 3. Qe2 Nf6 4. Nf3 Be7 5. g3 c5 6. Bg2 Nc6 7. O-O O-O 8. e5
Nd7 9. Bf4 b5 10. c4 bxc4 11. dxc4 Ba6 12. b3 Nb6 13. Rd1 Qc7 14. Nfd2 Nd4 15.
Qd3 Rfd8 16. Nc3 Rac8 17. Nb5 Nxb5 18. cxb5 Bb7 19. Qe2 Kh8 20. h4 d4 21. Ne4
Bxe4 22. Bxe4 Nd5 23. Bxd5 Rxd5 24. Rac1 Qa5 25. a4 Rb8 26. Bd2 Qc7 27. f4 d3
28. Qe4 g6 29. h5 gxh5 30. Kg2 Rg8 31. Rh1 h4 32. Rh3 Rd4 33. Qf3 Rxg3+ 34.
Rxg3 hxg3 35. Qxg3 Qd8 36. Kh2 Re4 37. Rg1 Qf8 38. Qxd3 Rd4 39. Qe3 Qh6+ 40.
Qh3 Rxd2+ 0-1

[Event "IX Floripa Chess Open Fort Atacadista"]
[Site "Florianópolis - Santa Catari"]
[Date "2023.01.24"]
[Round "2.179"]
[White "Ramazzotte, Alexandre Franco"]
[Black "Martins, Marlos Da Rosa"]
[Result "0-1"]
[WhiteElo "1649"]
[BlackElo "1276"]
[PlyCount "114"]
[EventDate "2023.01.23"]
[EventRounds "10"]
[EventCountry "BRA"]

1. e4 c5 2. Nf3 e6 3. d4 cxd4 4. Nxd4 Nc6 5. Nb5 Qa5+ 6. Qd2 Qxd2+ 7. Bxd2 Kd8
8. Bc3 Nf6 9. Nd2 a6 10. Nd4 Nxd4 11. Bxd4 d6 12. f4 Nd7 13. O-O-O b5 14. Nf3
Bb7 15. Bd3 Rc8 16. Rhe1 Kc7 17. Ng5 h6 18. Nxf7 Rg8 19. e5 dxe5 20. Bxe5+ Nxe5
21. Bh7 Nxf7 22. Bxg8 Nd8 23. Rd3 Bxg2 24. Red1 Nb7 25. Rd7+ Kb6 26. Bxe6 Rc6
27. Bd5 Bxd5 28. R1xd5 Rf6 29. f5 Rd6 30. R5xd6+ Nxd6 31. Rd8 Be7 32. Rd7 Nxf5
33. Kd2 Bf6 34. c3 Nh4 35. Rd6+ Kb7 36. Ke2 Ng6 37. Kf3 Ne5+ 38. Ke4 Nc4 39.
Rd7+ Kc6 40. Rd1 Nxb2 41. Rb1 Bxc3 42. h3 Bf6 43. h4 Nc4 44. Rd1 Bxh4 45. Rc1
a5 46. a4 Kb6 47. axb5 Kxb5 48. Kd5 Nb6+ 49. Kd4 Bf6+ 50. Kd3 a4 51. Rb1+ Ka5
52. Kc2 h5 53. Kd3 h4 54. Rh1 a3 55. Rh2 Kb4 56. Rg2 Kb3 57. Ke4 a2 0-1

[Event "IX Floripa Chess Open Fort Atacadista"]
[Site "Florianópolis - Santa Catari"]
[Date "2023.01.24"]
[Round "2.180"]
[White "Soares, Suyane"]
[Black "Gomes, Marco Tulio Caldeir"]
[Result "0-1"]
[WhiteElo "1250"]
[BlackElo "1645"]
[PlyCount "90"]
[EventDate "2023.01.23"]
[EventRounds "10"]
[EventCountry "BRA"]

1. d4 Nf6 2. c4 e6 3. e3 b6 4. Nf3 Bb7 5. Be2 Be7 6. Nc3 d5 7. b3 c5 8. Bb2
cxd4 9. exd4 Nc6 10. Rc1 O-O 11. O-O Re8 12. Ne5 Rc8 13. Re1 a6 14. Na4 Bb4 15.
Nc3 Qd6 16. Bh5 g6 17. Bg4 Nxg4 18. Qxg4 dxc4 19. Nxc6 Rxc6 20. Ne4 Qd8 21. Re2
f5 22. Qf4 fxe4 23. Rxe4 c3 24. Ba1 Rd6 25. d5 Bxd5 26. Rxb4 e5 27. Qe3 Bxb3
28. h3 Bxa2 29. Bxc3 a5 30. Re4 Rde6 31. Qe2 Bd5 32. Rd1 Qa8 33. Rg4 Qc6 34.
Qe3 a4 35. Rc1 Qd7 36. Bb2 b5 37. Rb4 Bc4 38. Qg3 Qd2 39. Qh4 Qxb4 40. Ba1 Qd2
41. Rb1 Qf4 42. g4 Qf3 43. Qg5 Bd5 44. Kf1 Qh1+ 45. Ke2 Qxb1 0-1

[Event "IX Floripa Chess Open Fort Atacadista"]
[Site "Florianópolis - Santa Catari"]
[Date "2023.01.24"]
[Round "2.181"]
[White "Monteiro, Daniel Zotelli"]
[Black "Santana, Luiz Alberto"]
[Result "1-0"]
[WhiteElo "1642"]
[BlackElo "1253"]
[PlyCount "101"]
[EventDate "2023.01.23"]
[EventRounds "10"]
[EventCountry "BRA"]

1. e4 c5 2. Nf3 d6 3. Nc3 e6 4. d4 cxd4 5. Nxd4 Nf6 6. Be3 a6 7. a4 g6 8. Bc4
Bg7 9. O-O O-O 10. h3 Bd7 11. Qd2 Nc6 12. Nf3 Qc7 13. Rfd1 Ne8 14. Bf4 Ne5 15.
Bxe5 Qxc4 16. Bxg7 Kxg7 17. Qd4+ Qxd4 18. Rxd4 Rc8 19. Rad1 Bc6 20. Ne1 f6 21.
f3 f5 22. exf5 Rxf5 23. Ne2 e5 24. Rb4 Rf7 25. b3 d5 26. f4 e4 27. g3 Nd6 28.
Nd4 Bd7 29. Kg2 Nf5 30. Nxf5+ Bxf5 31. Rxd5 Rcc7 32. Rbd4 Rfe7 33. g4 Bd7 34.
Kf2 Bc6 35. Rc5 e3+ 36. Kg3 e2 37. Kf2 Kf8 38. Re5 Rxe5 39. fxe5 Re7 40. Nd3
Rf7+ 41. Kxe2 Bf3+ 42. Ke1 Bg2 43. Nf4 Bc6 44. h4 Re7 45. e6 Kg7 46. g5 h6 47.
Kd2 hxg5 48. hxg5 Be8 49. c4 Bc6 50. Rd6 Be8 51. Nd5 1-0